Т. 3: И - М; Экологическая энциклопедия

Chi tiết về thư mục
Parent link:Экологическая энциклопедия: в 6 т./ гл. ред. В. И. Данилов-Данильян. Т. 3: И - М.— , 2008-.— 978-5-94802-026-6
Tóm tắt:«Экологическая энциклопедия» в 6 томах впервые в мире представляет широкий спектр терминов и понятий экологической науки и сопредельных с ней отраслей знания, имеющих прямое или косвенное отношение к проблемам окружающей среды и экологической безопасности. Содержит свыше 15 тыс. статей, представленных в алфавитном порядке и имеющих английские эквиваленты названий. Предназначена для специалистов-экологов, а также широкого круга читателей, интересующихся данной проблематикой.
Ngôn ngữ:Tiếng Nga
Được phát hành: 2010
Những chủ đề:
Định dạng: Sách
KOHA link:https://koha.lib.tpu.ru/cgi-bin/koha/opac-detail.pl?biblionumber=216467

MARC

LEADER 00000nam2a2200000 4500
001 216467
005 20231101230037.0
010 |a 9785948020396 
035 |a (RuTPU)RU\TPU\book\236439 
090 |a 216467 
100 |a 20120524d2010 km y0rusy50 ca 
101 0 |a rus 
102 |a RU 
105 |a a f 000zy 
200 0 |a Т. 3: И - М 
210 |d 2010 
215 |a 446 с.  |c ил. 
330 |a «Экологическая энциклопедия» в 6 томах впервые в мире представляет широкий спектр терминов и понятий экологической науки и сопредельных с ней отраслей знания, имеющих прямое или косвенное отношение к проблемам окружающей среды и экологической безопасности. Содержит свыше 15 тыс. статей, представленных в алфавитном порядке и имеющих английские эквиваленты названий. Предназначена для специалистов-экологов, а также широкого круга читателей, интересующихся данной проблематикой. 
461 1 |0 (RuTPU)RU\TPU\book\184208  |y 978-5-94802-026-6  |t Экологическая энциклопедия  |o в 6 т.  |f гл. ред. В. И. Данилов-Данильян  |v Т. 3: И - М  |d 2008- 
606 1 |a Экология в целом  |2 stltpush  |3 (RuTPU)RU\TPU\subj\39023  |9 59264 
610 1 |a термины 
610 1 |a определения 
610 1 |a понятия 
610 1 |a энциклопедии 
675 |a 504(031)  |v 3 
801 1 |a RU  |b 63413507  |c 20120524 
801 2 |a RU  |b 63413507  |c 20121016  |g RCR 
942 |c BK 
959 |a 82/20120524  |d 1  |e 450,00  |f ЧЗТЛ:1